000 01132cam a22003497a 4500
003 CHAP
005 20220817043151.0
008 971013s1971 r 00010 d
010 _a67285
011 _a68257
035 _a77729
040 _cCHAP
090 _aFolleto 11686
110 _aFAO. Comisión del Codex Alimentarius
_939482
245 0 _aNorma internacional recomendada para los alimentos para regímenes especiales pobres en sodio incluso los sucedáneos de la sal
260 _aRoma :
_bFAO,
_c1971
300 _a10 p.
410 2 _aFAO
490 0 _aPrograma conjunto FAO/OMS sobre normas alimentarias
590 _aBATCH-UPD
_b10
_c20130110
_lUCH01
_h1057
590 _aBATCH-UPD
_b10
_c20130410
_lUCH01
_h0652
590 _aBATCH-UPD
_b10
_c20130914
_lUCH01
_h0233
590 _aCONVERSION
_b10
_c20130109
_lUCH01
_h1337
650 1 4 _aAlimentos dietéticos.
_94306
650 1 4 _aSales.
_9101561
710 0 _aFAO.
810 0 _aFAO
830 0 _aPrograma conjunto FAO/OMS sobre normas alimentarias
_992254
901 _aBK
942 _cFOLL
949 _aFolleto 11686
_bBC
_cFOLL
_d-30600
_eTS1
_i77729
_mD
_si
999 _c67285
_d67285